| 000 -ლიდერი |
| ფიქსირებული სიგრძის საკონტროლო ველი |
02175nam a2200313Ia 4500 |
| 001 - საკონტროლო ნომერი |
| საკონტროლო ველი |
13780 |
| 003 - საკონტროლო ნომრის იდენტიფიკატორი |
| საკონტროლო ველი |
GE_BSU |
| 005 - ბოლო ოპერაციის თარიღი და დრო |
| საკონტროლო ველი |
20240913120629.0 |
| 008 - ფიქსირებული სიგრძის მონაცემთა ელემენტები - ზოგადი ინფორმაცია |
| ფიქსირებული სიგრძის საკონტროლო ველი |
181216s2014||||ge |||||||||||||| ||geo|| |
| 020 ## - წიგნის საერთაშორისო სტანდარტული ნომერი |
| International Standard Book Number |
9789941445750 |
| 040 ## - კატალოგიზაციის წყარო |
| Transcribing agency |
GE_BSU |
| 041 ## - ენის კოდი |
| Language code of text/sound track or separate title |
geo |
| 080 ## - უნივერსალური ათობითი კლასიფიკაციის ინდექსი |
| Universal Decimal Classification number |
94(479.22)(092) ქ-47 |
| 245 ## - ცნობა სათაურის შესახებ |
| Title |
ქვეყნის სიყვარულში განვლილი წლები : |
| Remainder of title |
აკად. როინ მეტრეველის დაბადებიდან სამოცდათხუთმეტი წლისადმი მიძღვნილი კრებული / |
| Statement of responsibility, etc |
საქ. საპატრიარქოს წმ. ანდრია პირველწოდებულის სახ. ქართ. უნ-ტი ; შემდგ. : სერგო ვარდოსანიძე, ვახტანგ გურული, ლევან ჯიქია ; რედ. სერგო ვარდოსანიძე. |
| 264 ## - წარმოების, გამოცემის, დისტრიბუციის და სხვა ცნობები |
| გამოცემის, წარმოების, დისტრიბუციის... ადგილი |
თბილისი : |
| გამოცემის, წარმოების, დისტრიბუციის... სახელწოდება |
არტანუჯი, |
| გამოცემის, წარმოების, დისტრიბუციის... თარიღი |
2014. |
| 300 ## - ფიზიკური აღწერა |
| Extent |
348 გვ. : |
| Other physical details |
ფოტ. ; |
| Dimensions |
23 სმ. |
| 504 ## - BIBLIOGRAPHY, ETC. NOTE |
| Bibliography, etc |
ბიბლიოგრაფია ტექსტის შენიშვნებში |
| 653 ## - INDEX TERM--UNCONTROLLED |
| Uncontrolled term |
კრებული |
| 653 ## - INDEX TERM--UNCONTROLLED |
| Uncontrolled term |
ქვეყნის სიყვარულში განვლილი წლები |
| 653 ## - INDEX TERM--UNCONTROLLED |
| Uncontrolled term |
მეტრეველი, რ. (როინ) |
| 653 ## - INDEX TERM--UNCONTROLLED |
| Uncontrolled term |
ქართველი ისტორიკოსები |
| 653 ## - INDEX TERM--UNCONTROLLED |
| Uncontrolled term |
როინ მეტრეველი |
| 700 ## - ADDED ENTRY--PERSONAL NAME |
| Personal name |
ვარდოსანიძე, სერგო |
| Relator term |
შემდგენელი |
| 9 (RLIN) |
23216 |
| 700 ## - ADDED ENTRY--PERSONAL NAME |
| Personal name |
გურული, ვახტანგ |
| Relator term |
შემდგენელი |
| 9 (RLIN) |
23217 |
| 700 ## - ADDED ENTRY--PERSONAL NAME |
| Personal name |
ჯიქია, ლევან |
| Relator term |
შემდგენელი |
| 9 (RLIN) |
23218 |
| 700 ## - ADDED ENTRY--PERSONAL NAME |
| Personal name |
ვარდოსანიძე, სერგო |
| Relator term |
რედაქტორი |
| 9 (RLIN) |
23216 |
| 710 ## - ADDED ENTRY--CORPORATE NAME |
| Corporate name or jurisdiction name as entry element |
საქ. საპატრიარქოს წმ. ანდრია პირველწოდებულის სახ. ქართ. უნ-ტი |
| 9 (RLIN) |
18873 |
| 942 ## - ADDED ENTRY ELEMENTS (KOHA) |
| Koha item type |
წიგნი |
| Source of classification or shelving scheme |
|